Cycling - All pro wins by Remco Evenepoel (as of Sep 2025) - Statistics

General Stats
  • This quiz has been taken 43 times
  • The average score is 8 of 33
Answer Stats
Hint Answer % Correct
2 stage wins (ITTs) + 3rd overall Tour de France
94%
2 stage wins (ITTs) Giro d'Italia
64%
2 wins (monument) Liège-Bastogne-Liège
64%
3 wins (classic) Donostia San Sebastian Klasikoa
56%
5 stage wins (1 ITT) + 1 overall La Vuelta
50%
2 stage wins (ITTs) Critérium du Dauphiné
36%
1 stage win Paris - Nice
36%
2 stage wins (1 ITT) Tour de Suisse
36%
1 win (classic) De Brabantse Pijl - La Flèche Brabançonne
33%
2 stage wins (1 ITT) + 2 overall Baloise Belgium Tour
31%
4 stage wins (3 ITTs) + 3 overall Volta ao Algarve em Bicicleta
31%
2 stage wins Volta Ciclista a Catalunya
31%
1 win Olympic Games ME - Road Race
25%
1 stage win + 1 overall Tour de Pologne
25%
1 stage win (ITT) Tour de Romandie
25%
1 overall UAE Tour
25%
1 win (ITT) Olympic Games ME - ITT
19%
2 wins (ITTs) World Championships ME - ITT
19%
1 win World Championships ME - Road Race
19%
1 stage win Tour of Britain
17%
1 win (classic) Brussels Cycling Classic
14%
1 stage win + 1 overall Vuelta a Burgos
14%
1 stage win (ITT) + 1 overall Vuelta a San Juan Internacional
14%
1 win (classic) Druivenkoers - Overijse
11%
1 win (ITT) European Continental Championships ME - ITT
8%
3 stage wins + 1 overall Tour of Norway
8%
1 win (classic) Coppa Bernocchi - GP BPM
6%
2 wins (ITTs) National Championships Belgium ME - ITT
6%
1 win National Championships Belgium ME - Road Race
6%
1 stage win Volta a la Comunitat Valenciana
6%
1 stage win Adriatica Ionica Race / Sulle Rotte della Serenissima
3%
1 win (classic) Figueira Champions Classic
3%
2 stage wins (1 ITT) + 1 overall Tour of Denmark
3%
No matching quizzes found
Score Distribution
Percent of People with Each Score
Percentile by Number Answered
Your Score History
You have not taken this quiz